| 000 | 01845nam1a2200313 4500 | ||
|---|---|---|---|
| 001 | RU\NLR\BIBL_A\010694711 | ||
| 005 | 20150819111817.0 | ||
| 035 | _a(NLR Aleph) 010694711 | ||
| 090 |
_a9698156 _c9698156 |
||
| 100 | _a20150211g20149999k y0rusy50 ca | ||
| 101 | 0 | _arus | |
| 102 | _aRU | ||
| 105 | _a||||z|||00|yy | ||
| 200 | 1 |
_aФинансовая политика в системе антикризисного управления экономикой _eколлективная монография _f[Радченко В.М., Ионов Ю.Г., Саранцева О.И. и др. _gгл. ред.: д.э.н., проф. С.П. Федосова] _gМ-во образования и науки Рос. Федерации, Федер. гос. бюджет. образоват. учреждение высш. проф. образования Рос. экон. ун-т им. Г.В. Плеханова, Воронеж. фил. |
|
| 210 |
_aВоронеж _cНаучная книга _d2014 |
||
| 215 | _d21 | ||
| 300 | _aАвт. указаны на 4-й с. | ||
| 606 | 1 |
_aФинансовая политика _2nlr_sh1 _2nlr_sh2 _3RU\NLR\AUTH\661284074 |
|
| 686 | 1 | _aУ26(0)-18 | |
| 701 | 1 |
_aРадченко _bВ. М. _gВиктор Михайлович |
|
| 701 | 1 |
_aИонов _bЮ. Г. _gЮрий Георгиевич |
|
| 701 | 1 |
_aСаранцева _bО. И. _gОльга Ивановна |
|
| 702 | 1 |
_aФедосова _bС. П. _cд-р экон. наук _gСветлана Павловна _3RU\NLR\AUTH\770142631 _4340 |
|
| 712 | 0 | 2 |
_aРоссийский экономический университет им. Г. В. Плеханова _bВоронежский филиал _3RU\NLR\AUTH\880389913 _4570 |
| 852 |
_aNLR _j2015-3/3926 |
||
| 942 | _cBOOK | ||
| 980 | _aNB | ||